00799nam a2200277Ia 450000500170000000800460001702000180006303700100008104000080009104000080009904000080010704100080011504100080012308400080013110000680013924500410020724500530024826000230030126000090032436500050033336500080033885600530034694200100039999900210040995200910043020260324113742.0008 260324s9999 xx 000 0 eng d a9781003314837 aEBOOK aCRL beng cCRL 2eng aeng qCRL aSanjeev Bansal; Anita Venaik; Swati Upveja; Saritha S.91148030 0aConstructive Discontent in Execution 0bCreative Approaches to Technology and Management bTaylor and Francis c2023 a b275 uhttp://www.taylorfrancis.com/books/9781003314837 cEBOOK c1737844d1737844 00104070aCRLbCRLd2026-03-24l0pCL2020060r2026-03-24 11:37:42w2026-03-24yEBOOK